| 000 | 01387cam a2200325 a 4500 | ||
|---|---|---|---|
| 003 | Co-PeBPM | ||
| 005 | 20250703125159.0 | ||
| 007 | ta | ||
| 008 | 231129e1996||||ck a||||||||||||| ||spa|| | ||
| 020 | _a9583002720 | ||
| 040 |
_aCo-PeBPM _bspa _cCo-PeBPM _erda |
||
| 041 | _aspa | ||
| 082 | 0 | 4 |
_a507.2 S116c _222 |
| 100 | 1 | 0 |
_aSabino, Carlos A. _eautor |
| 245 | 1 | 0 |
_aLos caminos de la ciencia _c/ Carlos A. Sabino |
| 250 | _aPrimera edición | ||
| 260 |
_aBogotá, Colombia _b: Panamericana _c,1996 |
||
| 300 |
_a319 páginas _b: ilustraciones en blanco y negro _c; 21 centímetros |
||
| 500 | _aIncluye índice | ||
| 504 | _aContiene Bibliografía | ||
| 520 | _aEste libro le propone a lector una aventura en verdad apasionante: rastrear de cerca los métodos unas veces intrincados y otros increíblemente sencillos, que los científicos han seguido para alcanzar sus metas y las nuevas preguntas que de manera ineludible cada logro ha generado, en un proceso que no tiene fin. | ||
| 650 | 1 | 0 |
_aInvestigación científica _2LEMB |
| 650 | 1 | 0 |
_aFilosofía de la ciencia _2LEMB |
| 650 | 1 | 0 |
_aEnsayo _2LEMB |
| 650 | 1 | 0 |
_aMetodología científica _2LEMB |
| 700 |
_aSilva Rincón, Gabriel _eeditor |
||
| 700 |
_aGonzález Espitia, Juan Carlos _eeditor |
||
| 942 |
_2ddc _cBK |
||
| 999 |
_c19526 _d19526 |
||